000 00429nam a2200169Ia 4500
008 240729s9999 xx 000 0 und d
022 _a2504-3188
245 0 _aLifestyle Genomics
260 _aSwitzerland
260 _bKarger Publishers
650 _a Biology (General)
650 _a Genetics
650 _aScience
856 _uhttps://doaj.org/toc/e7d8587c64714d5cba628409f5739b26
942 _2ddc
942 _cDOAJEJ
999 _c73793
_d73793
945 _a1
_bMadushi Gamage
_c1
_dMadushi Gamage